The courier of God's grace. (Record no. 16676)

000 -LEADER
fixed length control field 00488nam a2200169 a 4500
001 - CONTROL NUMBER
control field :::00019854$&:&@@
003 - CONTROL NUMBER IDENTIFIER
control field OkBaRHE
005 - DATE AND TIME OF LATEST TRANSACTION
control field 20011106142703.0
008 - FIXED-LENGTH DATA ELEMENTS--GENERAL INFORMATION
fixed length control field s1948 j 000 0 eng u
040 ## - CATALOGING SOURCE
Transcribing agency
100 1# - MAIN ENTRY--PERSONAL NAME
Personal name Adam, James Russell
245 14 - TITLE STATEMENT
Title The courier of God's grace.
260 ## - PUBLICATION, DISTRIBUTION, ETC. (IMPRINT)
Place of publication, distribution, etc New York, NY
Name of publisher, distributor, etc Fleming H. Revell
Date of publication, distribution, etc 1948
300 ## - PHYSICAL DESCRIPTION
Extent 175 p.
942 ## - ADDED ENTRY ELEMENTS (KOHA)
Source of classification or shelving scheme
Koha item type Books
Copies
Date acquired Koha item type Shelving location Date last seen Withdrawn status Full call number Lost status Copy number Price effective from Damaged status Source of classification or shelving scheme Permanent Location Not for loan Barcode
2010-04-14BooksGeneral Stacks2018-04-03 BS 2705 .A5 12010-04-14  RHEMA Bible Training College 19854